| 000 | 01359nam a2200337 i 4500 | ||
|---|---|---|---|
| 001 | bg | ||
| 100 | 1 | _aMAZUR-STROJNY, Renata | |
| 245 | 1 | 0 |
_aOdpowiedzi na pytania egzaminacyjne dla kandydatów na doradców podatkowych. : _bpytania otwarte. _nT. 6, _pDział III rozdz. 6-9 / _cRenata Mazur-Strojny, Aneta Wesołowska ; Forum Doradców Podatkowych. |
| 260 |
_aKraków : _bFDP, _c2004. |
||
| 300 |
_a52 s. ; _c30 cm. |
||
| 650 | 9 |
_aDoradztwo podatkowe _xprawo _zPolska _ystan na 2004 r. |
|
| 650 | 9 | _aEgzaminy zawodowe | |
| 650 | 9 |
_aPodatek od spadków i darowizn _xprawo _zPolska _ystan na 2004 r. |
|
| 650 | 9 |
_aPodatek rolny _xprawo _zPolska _ystan na 2004 r. |
|
| 650 | 9 |
_aPodatek leśny _xprawo _zPolska _ystan na 2004 r. |
|
| 650 | 9 |
_aPodatek od czynności cywilnoprawnych _xprawo _zPolska _ystan na 2004 r. |
|
| 650 | 9 |
_aPodatek od nieruchomości _xprawo _zPolska _ystan na 2004 r. |
|
| 655 | _aĆwiczenia i zadania | ||
| 700 | 1 | _aWESOŁOWSKA, Aneta | |
| 710 | 0 | _aForum Doradców Podatkowych | |
| 020 | _a8389359308 | ||
| 020 | _a838935926X (t.6) | ||
| 040 | _cBPK | ||
| 041 | 0 | _apol | |
| 080 | _a336.226(438)(079) | ||
| 920 | _a83-89359-30-8 | ||
| 920 | _a83-89359-26-X (t.6) | ||
| 942 | _cKA | ||
| 008 | s pl f |000 0 pol | ||
| 999 |
_c35110 _d35110 |
||
| 856 |
_uhttp://koha.tu.koszalin.pl/cgi-bin/koha/opac-detail.pl?biblionumber=35110 _yKatalog online BPK |
||